000 00298nam a2200097Ia 4500
008 220120s9999||||xx |||||||||||||| ||und||
100 _aRamprashad Kola
_912051
245 0 _aAndhra pradesh tourism
260 _aCoorg Institute of Technology
_bPonnampet
_c2005
650 _aELECTRONICS AND COMMUNICATIONS
999 _c137635
_d137635